00811cam a2200205 a 4500020001500000040000800015082002900023100002000052245007100072260003000143300002400173650002900197650002200226856006000248856006700308856005900375942000700434999001700441952014700458 a0471008338 cJRZ00a338 WIL 2002 A011 Or.aB1 aWaters, John K.10aJohn Chambers and the CISCO way :bnavigating through volatility / aNew York :bWiley,c2002. ax, 192 p. ;c24 cm. 0aChief executive officers 0aInternet industry42uhttp://www.loc.gov/catdir/bios/wiley043/2002277775.html42uhttp://www.loc.gov/catdir/description/wiley036/2002277775.html41uhttp://www.loc.gov/catdir/toc/wiley022/2002277775.html cEK c13392d13392 0010406338_000000000000000_WIL_2002_A011_OR70964380aLBAbLBAcA011d2017-08-25o338 WIL 2002 A011 Or.pA20415r2017-08-25w2017-08-25yEK